Guess the French Word/Phrase in English - Statistics

General Stats
  • This quiz has been taken 41 times
  • The average score is 8 of 18
Answer Stats
French English % Correct
Le/La/L' The
92%
Avec With
89%
Je t'aime I love you
86%
Aujourd'hui Today
81%
Monsieur Mr.
67%
Tu es mon autre You are my other
61%
Je Suis Malade I am Sick
58%
Lente/Lent Slow
58%
Lentement Slowly
56%
Bisou (M) Kiss
50%
Je me souviens I remember
44%
Terminé Finished
33%
Je vais bien I'm fine
14%
Monseigneur My lord
6%
Absurdité Nonsense
6%
Affamer Famish
3%
Brûle To burn
0%
il ne manquait que toi You were the only one missing
0%
No matching quizzes found
Score Distribution
Percent of People with Each Score
Percentile by Number Answered
Your Score History
You have not taken this quiz